World Landmark Jigsaw Puzzles Quiz Stats

 Plays Quiz Updated Oct 23, 2014

Challenge
Share
Tweet
Score 0/20 Timer 07:00
4 Plays Today
% Correct
Statue of Liberty
98.4%
Golden Gate Bridge
93.5%
Great Wall of China
92.4%
Mount Rushmore
86.6%
Leaning Tower of Pisa
85.5%
Big Ben
75.9%
Stonehenge
73.4%
Pyramids of Giza
70.9%
The Great Sphinx of Giza
68%
Acropolis / Parthenon
67.9%
% Correct
Taj Mahal
63.2%
Eiffel Tower
62.1%
Sydney Opera House
60.9%
Easter Island / Rapa Nui National Park
51.3%
Christ the Redeemer
51.2%
Uluru / Ayers Rock
44.4%
Machu Picchu
40.6%
Cathedral of Vasily the Blessed / St. Basil's Cathedral
38.9%
Brandenburg Gate
32.2%
Chichen Itza
25.7%

You're not logged in!

Compare scores with friends on all Sporcle quizzes.
OR
Log In

You Might Also Like...

Show Comments

Extras

Top Quizzes Today


Score Distribution

Your Account Isn't Verified!

In order to create a playlist on Sporcle, you need to verify the email address you used during registration. Go to your Sporcle Settings to finish the process.

Report this User

Report this user for behavior that violates our Community Guidelines.

Details: